Welcome to CU Library Online Public Access Catalogue (OPAC)

Sales management : (Record no. 8655)

MARC details
000 -LEADER
fixed length control field 01133cam a2200265 a 4500
001 - CONTROL NUMBER
control field 11866789
005 - DATE AND TIME OF LATEST TRANSACTION
control field 20260202163903.0
008 - FIXED-LENGTH DATA ELEMENTS--GENERAL INFORMATION
fixed length control field 991213s2001 txua b 001 0 eng
020 ## - INTERNATIONAL STANDARD BOOK NUMBER
International Standard Book Number 0030266998
020 ## - INTERNATIONAL STANDARD BOOK NUMBER
International Standard Book Number 9780030266997
050 00 - LIBRARY OF CONGRESS CALL NUMBER
Classification number HF5438.4
Item number .I54 2001
082 00 - DEWEY DECIMAL CLASSIFICATION NUMBER
Classification number 658.8/1
Edition information 21
245 00 - TITLE STATEMENT
Title Sales management :
Remainder of title analysis and decision making /
Statement of responsibility, etc. Thomas N. Ingram ... [et al.]
250 ## - EDITION STATEMENT
Edition statement 4th ed.
260 ## - PUBLICATION, DISTRIBUTION, ETC.
Place of publication, distribution, etc. Fort Worth :
Name of publisher, distributor, etc. Harcourt College Publishers,
Date of publication, distribution, etc. c2001.
300 ## - PHYSICAL DESCRIPTION
Extent xxi, 452 p. :
Other physical details ill. ;
Dimensions 28 cm.
440 #4 - SERIES STATEMENT/ADDED ENTRY--TITLE
Title The Harcourt series in marketing
500 ## - GENERAL NOTE
General note Rev. ed. of: Sales management : analysis and decision making / Thomas N. Ingram, Raymond W. LaForge, Charles H. Schwepker, Jr. 3rd ed. c1997.
650 #0 - SUBJECT ADDED ENTRY--TOPICAL TERM
Topical term or geographic name entry element Sales management.
700 1# - ADDED ENTRY--PERSONAL NAME
Personal name Ingram, Thomas N.
856 42 - ELECTRONIC LOCATION AND ACCESS
Materials specified Contributor biographical information
Uniform Resource Identifier <a href="http://www.loc.gov/catdir/enhancements/fy1305/99069567-b.html">http://www.loc.gov/catdir/enhancements/fy1305/99069567-b.html</a>
856 42 - ELECTRONIC LOCATION AND ACCESS
Materials specified Publisher description
Uniform Resource Identifier <a href="http://www.loc.gov/catdir/enhancements/fy1305/99069567-d.html">http://www.loc.gov/catdir/enhancements/fy1305/99069567-d.html</a>
856 41 - ELECTRONIC LOCATION AND ACCESS
Materials specified Table of contents only
Uniform Resource Identifier <a href="http://www.loc.gov/catdir/enhancements/fy1305/99069567-t.html">http://www.loc.gov/catdir/enhancements/fy1305/99069567-t.html</a>
942 ## - ADDED ENTRY ELEMENTS (KOHA)
Source of classification or shelving scheme Library of Congress Classification
Koha item type Books
Suppress in OPAC No
999 ## -
-- 8655
-- 8655
Holdings
Withdrawn status Lost status Source of classification or shelving scheme Damaged status Not for loan Collection Home library Current library Shelving location Date acquired Total checkouts Full call number Barcode Date last seen Copy number Price effective from Koha item type Public note
    Library of Congress Classification     Non-fiction Graduate Library (Christ Temple) Graduate Library (Christ Temple) General stacks 02/02/2026   HF5438.4 ING GSCT00002199 02/02/2026 1 02/02/2026 Books EAQ
    Library of Congress Classification     Non-fiction Graduate Library (Christ Temple) Graduate Library (Christ Temple) General stacks 02/02/2026   HF5438.4 ING GSCT00002200 02/02/2026 2 02/02/2026 Books EAQ
    Library of Congress Classification     Non-fiction Graduate Library (Christ Temple) Graduate Library (Christ Temple) General stacks 02/02/2026   HF5438.4 ING GSCT00002201 02/02/2026 3 02/02/2026 Books EAQ
    Library of Congress Classification     Non-fiction Graduate Library (Christ Temple) Graduate Library (Christ Temple) General stacks 02/02/2026   HF5438.4 ING GSCT00002202 02/02/2026 4 02/02/2026 Books EAQ
    Library of Congress Classification     Non-fiction Graduate Library (Christ Temple) Graduate Library (Christ Temple) General stacks 02/02/2026   HF5438.4 ING GSCT00002203 02/02/2026 5 02/02/2026 Books EAQ
    Library of Congress Classification     Non-fiction Graduate Library (Christ Temple) Graduate Library (Christ Temple) General stacks 02/02/2026   HF5438.4 ING GSCT00002204 02/02/2026 6 02/02/2026 Books EAQ
© 2023-2024 Copyright: Central University Libraries. All Rights Reserved | Created by: Mahone Tech Office